| 000 | 00752nam a22002177a 4500 | ||
|---|---|---|---|
| 999 |
_c4951 _d4951 |
||
| 003 | AR-CdUCM | ||
| 008 | 190311b ||||| |||| 00| 0 spa d | ||
| 040 |
_aMUNICIPALIDAD PROVINCIAL DEL CUSCO _cBIBLIOTECA MUNICIPAL DEL CUSCO |
||
| 082 |
_a840.907 / _bS72 |
||
| 100 |
_aSchmidt, Albert Marie _915185 |
||
| 245 | _aLa literatura Simbolista / | ||
| 260 |
_aBuenos Aires : _bEUDEBA, _c1962. |
||
| 300 |
_a63 páginas ; _c24 cm. |
||
| 500 | _aDonación de Luis Nieto | ||
| 505 | _aContenido: Los precursores -- El espíritu decadente -- La doctrina simbolista y los simbolistas fieles -- Los simbolistas infieles... | ||
| 650 |
_aSimbolismo _912398 |
||
| 650 |
_aTeatro _9443 |
||
| 650 |
_aPrecursores _915186 |
||
| 942 |
_2ddc _cLIBROS |
||
| 945 | _adavv | ||